Niemieccy piłkarze - nagła śmierć - Statystyki

Ogólne statystyki
  • Ten quiz został rozwiązany 274 razy
  • Średni wynik to 12 z 14
Answers on the Grid
Answers color-coded by a green-red scale on the quiz's grid according to % correct below.
Thierry Henry
Manuel Neuer
Joaquín Correa
Karim Benzema
Mats Hummels
Thomas Müller
Adrien Rabiot
Toni Kroos
Héctor Bellerín
Marco Reus
Miroslav Klose
Christian Pulisic
Bastian Schweinsteiger
David Alaba
Lukas Podolski
Andreas Christensen
Mario Götze
Mesut Özil
Mike Maignan
Jerome Boateng
Nicolás Otamendi
Ilkay Gündogan
Stefan de Vrij
Adrian Mariappa
Leon Goretzka
Federico Bernardeschi
Sebastian Giovinco
Julian Brandt
 
Statystyki odpowiedzi
Odpowiedź % Poprawnych
Manuel Neuer
98%
Thomas Müller
95%
Toni Kroos
95%
Mats Hummels
94%
Marco Reus
90%
Lukas Podolski
89%
Bastian Schweinsteiger
87%
Miroslav Klose
87%
Leon Goretzka
85%
Mario Götze
85%
Mesut Özil
85%
Jerome Boateng
80%
Julian Brandt
79%
Ilkay Gündogan
78%
Nie znaleziono quizów pasujących do podanych kryteriów
Rozkład punktacji
Procent ludzi z każdym wynikiem
Percentyl według liczby udzielonych odpowiedzi
Twoja historia wyników
Nie rozwiązałeś tego quizu